| 000 | 01397nam a2200397 a 4500 | ||
|---|---|---|---|
| 001 | 20949 | ||
| 003 | VRT | ||
| 005 | 20260207112146.0 | ||
| 008 | 060622s1959 xr 000 1 cze d | ||
| 035 | _aHEVK44181 | ||
| 039 | 9 |
_a202111062107 _bAUTHORITY _c201912101757 _dAUTHORITY _c201912101739 _dAUTHORITY _c201912101729 _dAUTHORITY |
|
| 040 |
_aHEVK _bslo _cHEVK _dSVKBB _eAACR2 |
||
| 041 | 1 |
_aslo _hger |
|
| 044 |
_axo _cSK |
||
| 080 |
_a782 _22001 |
||
| 100 | 1 | _aEgk, Werner | |
| 245 | 1 | 0 |
_aRevízor _bkomická opera v piatich dejstvách podľa N. V. Gogoľa _cWerner Egk ; preložila Jela Krčméry ; [štúdiu napísal Ladislav Mokrý] |
| 260 |
_aBratislava _bSlovenské vydavateľstvo krásnej literatúry _c1959 |
||
| 300 |
_a122 s. _c15 cm |
||
| 366 | _e1 700 výt. | ||
| 490 | 1 |
_aEdícia operných libriet _v7. zv. |
|
| 500 | _aBrožovaná | ||
| 500 | _aPreložené z nemčiny | ||
| 650 | 0 | 7 |
_aopery _2SNKPH |
| 650 | 0 | 7 |
_alibretá _2SNKPH |
| 700 |
_aKrčméry-Vrteľová, Jela, _d1924-2021 _4trl |
||
| 700 |
_aMokrý, Ladislav, _d1932-2000 _4oth |
||
| 830 | 0 |
_aEdícia operných libriet _v7. zv. |
|
| 910 | _ahevk | ||
| 910 | _asvkbb | ||
| 942 |
_2ddc _cKLDO _n0 |
||
| 949 |
_6270001000482423 _asvkbbS 8573 _bsvkbbm 212687 |
||
| 949 |
_6273K0389442 _asvkpoA 27152 _bsvkpo64872 |
||
| 999 |
_c20949 _d20949 |
||